Paroles - La haine - Roméo et Juliette - Statistiques

Statistiques générales
  • Ce quiz a été pris 34 fois
  • Le résultat moyen est 202 sur 240
Statistiques - réponses
Paroles % Correct
qu'
100%
qui
100%
Qui
100%
tout,
100%
tout
100%
nous
95%
voit
95%
a
90%
A
90%
Au
90%
au
90%
de
90%
des
90%
Dieu
90%
haine,
90%
haine…
90%
haine !
90%
haine
90%
haine)
90%
La
90%
la
90%
(La
90%
un
90%
vous
90%
Vous
90%
Dans
86%
dans
86%
du
86%
Je
86%
je
86%
le
86%
Le
86%
mais
86%
nom !
86%
nom
86%
on
86%
que
86%
Que
86%
vos
86%
aime
81%
ces
81%
C'est
81%
c'est
81%
Comme
81%
coule
81%
elle
81%
en
81%
fait
81%
mains
81%
même
81%
nos
81%
poison
81%
pour
81%
toutes
81%
vois
81%
âmes
76%
autant
76%
Autant
76%
cette
76%
Cette
76%
condamne
76%
entre
76%
et
76%
faire
76%
faut-il
76%
femmes
76%
fils
76%
hais
76%
maisons
76%
maudis
76%
n'êtes
76%
nuits
76%
pantins
76%
père,
76%
putain
76%
rien
76%
sans
76%
serpent
76%
ses
76%
son
76%
voix
76%
yeux
76%
Alors
71%
aux
71%
Comment
71%
complices
71%
comprendre !
71%
compte
71%
écoutez
71%
entendre
71%
haïr !
71%
juge
71%
malheureux
71%
peut-on
71%
plaisir
71%
Pourquoi
71%
prend
71%
regardez-vous
71%
Regardez-vous
71%
seul
71%
victimes
71%
ville
71%
courage
67%
crimes
67%
dégoût !
67%
enchaîne
67%
lâches
67%
manque
67%
n'ai
67%
oubliez
67%
regarde-nous,
67%
l'amour
62%
l'avoue,
62%
brûler
57%
pondre
57%
sœur
57%
vient
57%
cache
43%
Aucun quiz correspondant
Distribution des résultats
% des personnes avec chaque résultat
Percentile par nombre de réponses
Votre historique - résultats
Vous n’avez pas pris ce quiz